00490nmm a2200157Ia 4500008004100000020001800041041000800059100005900067245001700126264006500143300001700208650003100225856005200256942000700308999001700315251105s9999||||xx |||||||||||||||||und|| a9786287534261 aspa aPineda Ortíz, Paula Nathalia, Motta Camacho, Natalia 0aMelancolía a[Bogotá, Colombia] :bPolitécnico Grancolombiano, c2021 a36 páginas aTeen & Young Adult Fiction uhttps://public.digitaliapublishing.com/a/130862 cCF c76064d76064